Normal view
MARC view
Entry Topical Term
001 - CONTROL NUMBER
- control field: 12985
003 - CONTROL NUMBER IDENTIFIER
- control field: ARRUPE
005 - DATE AND TIME OF LATEST TRANSACTION
- control field: 20141202143734.0
008 - FIXED-LENGTH DATA ELEMENTS
- fixed length control field: 141202|| aca||aabn | a|a d
040 ## - CATALOGING SOURCE
- Original cataloging agency: ARRUPE
- Transcribing agency: ARRUPE
150 ## - HEADING--TOPICAL TERM
- Topical term or geographic name as entry element: Fire.
670 ## - SOURCE DATA FOUND
- Source citation: Work cat.: (ARRUPE)0: Bachelard, Gaston, 1884-1962. 12975, The psychoanalysis of fire /, 1964.